| 000 | 00581nam a2200193Ia 4500 | ||
|---|---|---|---|
| 005 | 20260114185747.0 | ||
| 008 | 008 260114s9999 xx 000 0 eng d | ||
| 020 | _a9781474241533 | ||
| 037 | _aEBOOK | ||
| 040 |
_aCRL _beng _cCRL |
||
| 041 |
_aeng _2eng |
||
| 084 | _qCRL | ||
| 100 |
_aRay Lucas _9874058 |
||
| 245 | 0 | _aAnthropology for Architects Social Relations and the Built Environment | |
| 260 |
_bBloomsbury _c2020 |
||
| 856 | _uhttps://doi.org/10.5040/9781474241533?locatt=label:secondary_bloomsburyCollections | ||
| 942 | _cEBOOK | ||
| 999 |
_c1472994 _d1472994 |
||